[Event "Winnipeg TNT September op"]
[Site "Winnipeg CAN"]
[Date "2013.09.17"]
[Round "3"]
[White "Swift, Ryne"]
[Black "Kernetsky, Myron"]
[Result "1/2-1/2"]
[WhiteElo "1984"]
[BlackElo "2051"]
[PlyCount "61"]
[GameId "2160767909229626"]
[EventDate "2013.09.03"]
[EventType "swiss"]
[EventRounds "4"]
[EventCountry "CAN"]
[SourceTitle "EXT 2022"]
[Source "ChessBase"]
[SourceDate "2021.10.06"]
[SourceVersion "1"]
[SourceVersionDate "2021.10.06"]
[SourceQuality "1"]

1. e4 e6 2. d4 d5 3. exd5 exd5 4. Nf3 Bd6 5. Bd3 Ne7 6. O-O c6 7. c3 Bf5 8. Qc2 Bg6 9. Bg5 Nd7 10. Nbd2 Nf8 11. Bxe7 Bxe7 12. Ne5 Ne6 13. Bxg6 hxg6 14. Rae1 Qd6 15. b4 a6 16. Ndf3 Bf6 17. a4 O-O 18. a5 Nc7 19. Nd3 Nb5 20. Nc5 Qc7 21. Re2 Rfe8 22. Rfe1 Rxe2 23. Rxe2 Be7 24. Na4 Bd6 25. g3 Rd8 26. Qc1 Qc8 27. Qg5 Re8 28. Kf1 Rxe2 29. Kxe2 Qe8+ 30. Qe3 Qd8 31. Ne5 1/2-1/2

[Event "Winnipeg TNT September op"]
[Site "Winnipeg CAN"]
[Date "2013.09.17"]
[Round "3.4"]
[White "Leaden, Bruce"]
[Black "Le Dorze, Philippe"]
[Result "0-1"]
[WhiteElo "1662"]
[BlackElo "1777"]
[PlyCount "138"]
[GameId "2160767909229628"]
[EventDate "2013.09.03"]
[EventType "swiss"]
[EventRounds "4"]
[EventCountry "CAN"]
[SourceTitle "EXT 2022"]
[Source "ChessBase"]
[SourceDate "2021.10.06"]
[SourceVersion "1"]
[SourceVersionDate "2021.10.06"]
[SourceQuality "1"]

1. e4 b6 2. d4 e6 3. Nc3 Bb7 4. Bd3 Nf6 5. Nge2 c5 6. Ng3 cxd4 7. Nce2 e5 8. O-O Nc6 9. a3 Be7 10. f3 d5 11. Bg5 h6 12. Bxf6 Bxf6 13. exd5 Ne7 14. Bb5+ Kf8 15. c4 dxc3 16. d6 Nd5 17. Qb3 Qxd6 18. Nxc3 Qc5+ 19. Kh1 Nxc3 20. bxc3 Rc8 21. Ne4 Bxe4 22. fxe4 Qxc3 23. Qb4+ Qxb4 24. axb4 Ke7 25. Rac1 Bg5 26. Rcd1 Rhd8 27. Rd5 Rxd5 28. exd5 f6 29. Bc6 Kd6 30. b5 e4 31. g4 Bd2 32. Kg2 e3 33. Kf3 Rc7 34. Ke2 Re7 35. Rf4 Re5 36. h4 Bc3 37. Ra4 Re7 38. h5 Kc5 39. Rf4 Bd4 40. d6 Rf7 41. d7 Rf8 42. Re4 Be5 43. Kxe3 a5 44. Kd3 Rd8 45. Kc2 Kd6 46. Re2 Kc7 47. Kb3 Rf8 48. Rd2 Bd6 49. Re2 Be5 50. Rd2 Kd8 51. Re2 Rf7 52. Re3 Re7 53. Re2 Bc7 54. Rxe7 Kxe7 55. Kc3 Ke6 56. Kd4 f5 57. Bd5+ Kf6 58. gxf5 Kxf5 59. Be4+ Kf6 60. Bg6 Ke7 61. Bf5 a4 62. Kc3 a3 63. Kb3 Bd6 64. Ka2 Kd8 65. Kb3 Be7 66. Ka2 Kc7 67. Be4 Kd6 68. Kxa3 Ke5+ 69. Kb3 Kxe4 0-1

[Event "Winnipeg TNT September op"]
[Site "Winnipeg CAN"]
[Date "2013.09.17"]
[Round "3.4"]
[White "Ma, Derek"]
[Black "Wasserman, Leor"]
[Result "1-0"]
[WhiteElo "1781"]
[BlackElo "1961"]
[PlyCount "76"]
[GameId "2160767909229629"]
[EventDate "2013.09.03"]
[EventType "swiss"]
[EventRounds "4"]
[EventCountry "CAN"]
[SourceTitle "EXT 2022"]
[Source "ChessBase"]
[SourceDate "2021.10.06"]
[SourceVersion "1"]
[SourceVersionDate "2021.10.06"]
[SourceQuality "1"]

1. e4 b6 2. d4 Bb7 3. Nc3 e6 4. Be2 Bb4 5. Bf3 Ne7 6. Nge2 O-O 7. a3 Bxc3+ 8. Nxc3 d5 9. O-O c5 10. exd5 exd5 11. Bf4 Nbc6 12. dxc5 d4 13. Ne4 f5 14. Ng5 Ng6 15. Ne6 Qc8 16. Bd5 Kh8 17. Bd6 Nce7 18. Bxb7 Qxb7 19. Nxf8 Nxf8 20. Qxd4 Nfg6 21. Rfe1 Nd5 22. Rad1 Nf6 23. cxb6 axb6 24. Be5 Nxe5 25. Qxe5 h6 26. Qxf5 Qf7 27. h3 Rf8 28. Qe6 Qb7 29. Qe7 Qc8 30. Qb4 Qb8 31. Re6 Nh5 32. Rxb6 Qa8 33. Qe7 Nf4 34. Rb7 Rg8 35. Qe4 Qf8 36. Rbd7 Qf6 37. R1d5 Rf8 38. Rd8 Rxd8 1-0

[Event "Winnipeg TNT September op"]
[Site "Winnipeg CAN"]
[Date "2013.09.17"]
[Round "3.4"]
[White "Magnusson, Saul"]
[Black "Boron, Anthony"]
[Result "1/2-1/2"]
[WhiteElo "1869"]
[BlackElo "1928"]
[PlyCount "45"]
[GameId "2160767909229630"]
[EventDate "2013.09.03"]
[EventType "swiss"]
[EventRounds "4"]
[EventCountry "CAN"]
[SourceTitle "EXT 2022"]
[Source "ChessBase"]
[SourceDate "2021.10.06"]
[SourceVersion "1"]
[SourceVersionDate "2021.10.06"]
[SourceQuality "1"]

1. e4 c5 2. Nf3 e6 3. d4 cxd4 4. Nxd4 Nf6 5. Nc3 Nc6 6. Be2 Bb4 7. Qd3 d5 8. exd5 Nxd5 9. O-O Nxd4 10. Qxd4 Nxc3 11. Qxd8+ Kxd8 12. bxc3 Bxc3 13. Rb1 a6 14. Rd1+ Ke7 15. Ba3+ Kf6 16. Rb3 Be5 17. Rf3+ Kg6 18. Rh3 f5 19. Re3 Kf6 20. Bf3 Re8 21. Rxe5 Kxe5 22. Bb2+ Kf4 23. Bc1+ 1/2-1/2

[Event "Winnipeg TNT September op"]
[Site "Winnipeg CAN"]
[Date "2013.09.17"]
[Round "3.4"]
[White "Platt, Alex"]
[Black "Campbell, Jamie"]
[Result "1-0"]
[WhiteElo "1950"]
[BlackElo "1697"]
[PlyCount "73"]
[GameId "2160767909229631"]
[EventDate "2013.09.03"]
[EventType "swiss"]
[EventRounds "4"]
[EventCountry "CAN"]
[SourceTitle "EXT 2022"]
[Source "ChessBase"]
[SourceDate "2021.10.06"]
[SourceVersion "1"]
[SourceVersionDate "2021.10.06"]
[SourceQuality "1"]

1. d4 e6 2. e4 g6 3. Nf3 Bg7 4. Nc3 Ne7 5. Be3 c6 6. Qd2 d5 7. e5 h6 8. Ne2 Nf5 9. Bf4 g5 10. Bg3 O-O 11. h3 Nxg3 12. Nxg3 f6 13. Nh5 Bh8 14. Nxf6+ Bxf6 15. exf6 Qxf6 16. O-O-O Nd7 17. Re1 c5 18. Qe3 cxd4 19. Qxe6+ Qxe6 20. Rxe6 Rf6 21. Rxf6 Nxf6 22. Nxd4 Ne4 23. f3 Ng3 24. Rg1 Nxf1 25. Rxf1 Bd7 26. Re1 Kf7 27. Re5 Bc6 28. Re6 Re8 29. Rxh6 Re1+ 30. Kd2 Rg1 31. g4 Rh1 32. Nxc6 bxc6 33. Rxc6 Rxh3 34. Ke3 Rh2 35. a4 Ke7 36. b4 Kd7 37. b5 1-0

[Event "Winnipeg TNT September op"]
[Site "Winnipeg CAN"]
[Date "2013.09.17"]
[Round "3.4"]
[White "Reimer, Bruce"]
[Black "Wolchock, Theo"]
[Result "0-1"]
[WhiteElo "1566"]
[BlackElo "1709"]
[PlyCount "90"]
[GameId "2160767909229632"]
[EventDate "2013.09.03"]
[EventType "swiss"]
[EventRounds "4"]
[EventCountry "CAN"]
[SourceTitle "EXT 2022"]
[Source "ChessBase"]
[SourceDate "2021.10.06"]
[SourceVersion "1"]
[SourceVersionDate "2021.10.06"]
[SourceQuality "1"]

1. c4 c5 2. g3 g6 3. Bg2 Bg7 4. Nc3 Nc6 5. e4 e6 6. Nge2 Nge7 7. O-O O-O 8. d3 Nd4 9. Be3 Nec6 10. Bxd4 Bxd4 11. Nxd4 Nxd4 12. e5 Qc7 13. Re1 f5 14. exf6 Rxf6 15. Ne2 Nxe2+ 16. Rxe2 Rb8 17. Qd2 b5 18. b3 Bb7 19. Bxb7 Qxb7 20. Rae1 Rbf8 21. f4 Qb6 22. Qe3 Rf5 23. Qf3 bxc4 24. dxc4 Qc7 25. Qd3 Qc6 26. Rd1 R8f7 27. Re3 d5 28. Qe2 Re7 29. Re1 Kf7 30. Qb2 d4 31. Re5 Rxe5 32. fxe5 Kg7 33. Rf1 Qc7 34. Qf2 Rf7 35. Qe1 Rxf1+ 36. Kxf1 Qf7+ 37. Kg2 Qf5 38. a3 Qc2+ 39. Qf2 Qe4+ 40. Qf3 Qxe5 41. Qb7+ Kh6 42. Qxa7 Qe2+ 43. Kh3 Qf1+ 44. Kh4 g5+ 45. Kg4 Qf5# 0-1

[Event "Winnipeg TNT September op"]
[Site "Winnipeg CAN"]
[Date "2013.09.17"]
[Round "3.4"]
[White "Trueman, Francis"]
[Black "Czarny, Keith"]
[Result "0-1"]
[WhiteElo "1534"]
[BlackElo "1639"]
[PlyCount "76"]
[GameId "2160767909229634"]
[EventDate "2013.09.03"]
[EventType "swiss"]
[EventRounds "4"]
[EventCountry "CAN"]
[SourceTitle "EXT 2022"]
[Source "ChessBase"]
[SourceDate "2021.10.06"]
[SourceVersion "1"]
[SourceVersionDate "2021.10.06"]
[SourceQuality "1"]

1. e4 e6 2. Nf3 d5 3. exd5 exd5 4. d3 Bg4 5. Nbd2 Bc5 6. Nb3 Bb6 7. d4 Nf6 8. Be2 O-O 9. O-O Nc6 10. Bb5 Qd6 11. Bxc6 Qxc6 12. Qd3 Ne4 13. Ne5 Qe6 14. Nxg4 Qxg4 15. f3 Qg6 16. fxe4 dxe4 17. Qc4 Rad8 18. Be3 Rd6 19. Rad1 Qh5 20. Nc5 Rc6 21. d5 Rg6 22. Qxe4 Qe2 23. Rd2 Qb5 24. c4 Qb4 25. a3 Qa5 26. Nxb7 Qxd2 27. Bxb6 axb6 28. Rf2 Qc1+ 29. Rf1 Qxb2 30. Qf3 Rf6 31. Qe4 Rxf1+ 32. Kxf1 Qxa3 33. Qe5 Qc1+ 34. Kf2 Qxc4 35. d6 cxd6 36. Qxd6 Qc2+ 37. Kf3 Qf5+ 38. Kg3 Qg6+ 0-1

[Event "Winnipeg TNT September op"]
[Site "Winnipeg CAN"]
[Date "2013.09.24"]
[Round "4.4"]
[White "Boron, Anthony"]
[Black "Swift, Ryne"]
[Result "1/2-1/2"]
[WhiteElo "1928"]
[BlackElo "1984"]
[PlyCount "57"]
[GameId "2160767909229635"]
[EventDate "2013.09.03"]
[EventType "swiss"]
[EventRounds "4"]
[EventCountry "CAN"]
[SourceTitle "EXT 2022"]
[Source "ChessBase"]
[SourceDate "2021.10.06"]
[SourceVersion "1"]
[SourceVersionDate "2021.10.06"]
[SourceQuality "1"]

1. e4 e5 2. Nf3 Nc6 3. Bb5 a6 4. Bxc6 dxc6 5. O-O f6 6. d4 exd4 7. Nxd4 c5 8. Ne2 Qxd1 9. Rxd1 Bd7 10. Nbc3 O-O-O 11. Bf4 g5 12. Bg3 Ne7 13. Nd5 Nxd5 14. Rxd5 Bc6 15. Rxd8+ Kxd8 16. Rd1+ Kc8 17. Nc3 h5 18. f3 Rh7 19. h3 Rd7 20. Rxd7 Kxd7 21. Kf1 h4 22. Bf2 Bd6 23. Be3 b6 24. Ke1 Be5 25. Nd1 Kd6 26. b3 Bd7 27. Bc1 Be6 28. Bb2 Bxb2 29. Nxb2 1/2-1/2

[Event "Winnipeg TNT September op"]
[Site "Winnipeg CAN"]
[Date "2013.09.24"]
[Round "4.4"]
[White "Campbell, Jamie"]
[Black "Reimer, Bruce"]
[Result "1-0"]
[WhiteElo "1697"]
[BlackElo "1566"]
[PlyCount "110"]
[GameId "2160767909229636"]
[EventDate "2013.09.03"]
[EventType "swiss"]
[EventRounds "4"]
[EventCountry "CAN"]
[SourceTitle "EXT 2022"]
[Source "ChessBase"]
[SourceDate "2021.10.06"]
[SourceVersion "1"]
[SourceVersionDate "2021.10.06"]
[SourceQuality "1"]

1. Nc3 g6 2. b3 Bg7 3. Bb2 d6 4. g3 c6 5. Bg2 e6 6. e3 Ne7 7. Nge2 Qd7 8. O-O b6 9. Na4 Bxb2 10. Nxb2 Bb7 11. d4 O-O 12. c4 d5 13. Nc3 Qc7 14. Rc1 Nd7 15. cxd5 exd5 16. Nxd5 Nxd5 17. Bxd5 Qd6 18. Bg2 Rac8 19. Nc4 Qe7 20. Re1 Rc7 21. d5 cxd5 22. Bxd5 Bxd5 23. Qxd5 Rfc8 24. Rcd1 Nf6 25. Qd6 Qxd6 26. Rxd6 Ne4 27. Rd3 b5 28. Nd2 Ng5 29. h4 Ne6 30. a4 bxa4 31. bxa4 Rb7 32. Rb3 Rxb3 33. Nxb3 Rc3 34. Rb1 Rc4 35. Ra1 Rb4 36. Ra3 g5 37. hxg5 Nxg5 38. Nd4 Rb2 39. f4 Rb1+ 40. Kf2 Rb2+ 41. Ne2 Ne4+ 42. Kf3 Nd2+ 43. Kg4 Nb1 44. Ra1 Rxe2 45. Rxb1 Rxe3 46. Rb7 a6 47. Rb6 Re6 48. a5 Rg6+ 49. Kf3 Kf8 50. f5 Rg5 51. Kf4 Rh5 52. Rxa6 Rh1 53. Kg5 Rg1 54. g4 Kg7 55. f6+ Kf8 1-0

[Event "Winnipeg TNT September op"]
[Site "Winnipeg CAN"]
[Date "2013.09.24"]
[Round "4.4"]
[White "De Groot, Steven"]
[Black "Wolchock, Theo"]
[Result "1/2-1/2"]
[WhiteElo "1988"]
[BlackElo "1707"]
[PlyCount "77"]
[GameId "2160767909229637"]
[EventDate "2013.09.03"]
[EventType "swiss"]
[EventRounds "4"]
[EventCountry "CAN"]
[SourceTitle "EXT 2022"]
[Source "ChessBase"]
[SourceDate "2021.10.06"]
[SourceVersion "1"]
[SourceVersionDate "2021.10.06"]
[SourceQuality "1"]

1. c4 c5 2. Nc3 g6 3. g3 Bg7 4. Bg2 Nc6 5. e4 e6 6. Nge2 Nge7 7. O-O O-O 8. d3 Nd4 9. Be3 Nec6 10. Rb1 d6 11. a3 Qb6 12. Bxd4 Nxd4 13. b4 cxb4 14. axb4 Bd7 15. Nxd4 Bxd4 16. Ne2 a6 17. Nxd4 Qxd4 18. Qb3 Bc6 19. b5 axb5 20. cxb5 Bd7 21. Qb4 Qxb4 22. Rxb4 Ra5 23. Rfb1 Rc8 24. d4 Rc2 25. b6 Raa2 26. Rf1 Rab2 27. Rxb2 Rxb2 28. d5 e5 29. Rc1 Rxb6 30. Bf3 Kf8 31. Rc7 Ke8 32. Kf1 Rb1+ 33. Kg2 Kd8 34. Rc3 b5 35. Ra3 Rc1 36. Ra8+ Rc8 37. Ra6 Ke7 38. Ra7 Kd8 39. Ra6 1/2-1/2

[Event "Winnipeg TNT September op"]
[Site "Winnipeg CAN"]
[Date "2013.09.24"]
[Round "4.4"]
[White "Kernetsky, Myron"]
[Black "Ma, Derek"]
[Result "1-0"]
[WhiteElo "2051"]
[BlackElo "1781"]
[PlyCount "85"]
[GameId "2160767909229638"]
[EventDate "2013.09.03"]
[EventType "swiss"]
[EventRounds "4"]
[EventCountry "CAN"]
[SourceTitle "EXT 2022"]
[Source "ChessBase"]
[SourceDate "2021.10.06"]
[SourceVersion "1"]
[SourceVersionDate "2021.10.06"]
[SourceQuality "1"]

1. d4 Nf6 2. c4 c5 3. d5 b5 4. cxb5 a6 5. bxa6 Bxa6 6. Nc3 d6 7. Nf3 Nbd7 8. Nd2 g6 9. e4 Bxf1 10. Nxf1 Bg7 11. Ne3 Qb6 12. O-O O-O 13. Nc4 Qb4 14. Qe2 Nb6 15. Nxb6 Qxb6 16. Bg5 h6 17. Bh4 g5 18. Bg3 Nd7 19. f4 gxf4 20. Bxf4 Ne5 21. Rab1 c4+ 22. Be3 Qc7 23. Qh5 Kh7 24. Qf5+ Kg8 25. Rf4 Ng6 26. Rg4 Qc8 27. Qh5 Kh7 28. Rf1 Qe8 29. Rg3 Rh8 30. Qf5 Kg8 31. Qf2 Rb8 32. Nd1 e6 33. Bd4 e5 34. Bc3 Rb7 35. Ne3 Qb5 36. Nf5 Qb6 37. Qxb6 Rxb6 38. Ne3 Nf4 39. Re1 Kh7 40. Nxc4 Ra6 41. a3 Bf6 42. Rf3 Rg8 43. Rxf4 1-0

[Event "Winnipeg TNT September op"]
[Site "Winnipeg CAN"]
[Date "2013.09.24"]
[Round "4.4"]
[White "Le Dorze, Philippe"]
[Black "Platt, Alex"]
[Result "1/2-1/2"]
[WhiteElo "1777"]
[BlackElo "1950"]
[PlyCount "60"]
[GameId "2160767909229640"]
[EventDate "2013.09.03"]
[EventType "swiss"]
[EventRounds "4"]
[EventCountry "CAN"]
[SourceTitle "EXT 2022"]
[Source "ChessBase"]
[SourceDate "2021.10.06"]
[SourceVersion "1"]
[SourceVersionDate "2021.10.06"]
[SourceQuality "1"]

1. d4 Nf6 2. c4 g6 3. Nf3 Bg7 4. Nc3 O-O 5. g3 d6 6. Bg2 c6 7. O-O Nbd7 8. e4 Rb8 9. a4 b6 10. Re1 Qc7 11. e5 dxe5 12. dxe5 Ng4 13. e6 fxe6 14. Rxe6 Nde5 15. Nxe5 Nxe5 16. Rxc6 Qd8 17. Qxd8 Rxd8 18. Rc7 Rd7 19. Rxd7 Bxd7 20. Bf4 Rc8 21. Re1 Nxc4 22. Nd5 Kf8 23. b3 e5 24. Bg5 Na5 25. Nf6 Bxf6 26. Bxf6 Nxb3 27. Bxe5 Rc1 28. Bd6+ Kg7 29. Be5+ Kf8 30. Bd6+ Kg7 1/2-1/2

[Event "Winnipeg TNT September op"]
[Site "Winnipeg CAN"]
[Date "2013.09.24"]
[Round "4.4"]
[White "Rutter, Blair"]
[Black "Magnusson, Saul"]
[Result "1-0"]
[WhiteElo "1893"]
[BlackElo "1869"]
[PlyCount "31"]
[GameId "2160767909229641"]
[EventDate "2013.09.03"]
[EventType "swiss"]
[EventRounds "4"]
[EventCountry "CAN"]
[SourceTitle "EXT 2022"]
[Source "ChessBase"]
[SourceDate "2021.10.06"]
[SourceVersion "1"]
[SourceVersionDate "2021.10.06"]
[SourceQuality "1"]

1. c4 Nf6 2. Nc3 e6 3. e4 d5 4. cxd5 exd5 5. e5 d4 6. Qa4+ Qd7 7. Nb5 Nd5 8. Qxd4 Nc6 9. Qxd5 Qe7 10. Nf3 Bf5 11. Nbd4 Nxd4 12. Nxd4 Rd8 13. Nxf5 Rxd5 14. Nxe7 Rxe5+ 15. Kd1 Bxe7 16. Bc4 1-0

[Event "Winnipeg TNT September op"]
[Site "Winnipeg CAN"]
[Date "2013.09.24"]
[Round "4.4"]
[White "Wasserman, Leor"]
[Black "Czarny, Keith"]
[Result "1-0"]
[WhiteElo "1961"]
[BlackElo "1639"]
[PlyCount "59"]
[GameId "2160767909229642"]
[EventDate "2013.09.03"]
[EventType "swiss"]
[EventRounds "4"]
[EventCountry "CAN"]
[SourceTitle "EXT 2022"]
[Source "ChessBase"]
[SourceDate "2021.10.06"]
[SourceVersion "1"]
[SourceVersionDate "2021.10.06"]
[SourceQuality "1"]

1. e4 c6 2. d4 d5 3. exd5 cxd5 4. c4 Nf6 5. Nc3 e6 6. Nf3 Be7 7. Bf4 O-O 8. Bd3 b6 9. O-O Bb7 10. Re1 Na6 11. a3 Nc7 12. Be5 h6 13. Rc1 dxc4 14. Bxc4 Ncd5 15. Nxd5 Bxd5 16. Bc7 Qd7 17. Ne5 Qe8 18. Ba6 Bd8 19. a4 Qe7 20. Bxd8 Rfxd8 21. Nc6 Bxc6 22. Rxc6 Nd5 23. Bc4 Nb4 24. Rcxe6 fxe6 25. Rxe6 Qc7 26. Rc6+ Kh8 27. Rxc7 Re8 28. h3 Re4 29. Qf3 Rae8 30. Qf7 1-0